Нормален изглед
MARC изглед
- Нанева, Дияна Емилова
Вход 01. Лично име
001 - Контролен номер на записа
- Контролно поле: 402316
003 - Код на организацията, даваща контролен номер
- Контролно поле: BLK
005 - Дата и час на последна промяна на записа
- Контролно поле: 20241105100021.0
008 - Данни с фиксирана дължина – обща информация
- Данни с фиксирана дължина : 200220|| aca||aabn | a|a d
100 ## - ИМЕ НА ЛИЦЕ -ПЪРВИЧНА ИНТЕЛЕКТУАЛНА ОТГОВОРНОСТ
- Лично име: Нанева, Дияна Емилова
- Дати, свързани с автора: 1994 -
- Друга информация: Художник-илюстратор.
500 ## - Допълнителна информация за лично име
- Лично име: Нанева, Диана
942 ## - Системна служебна употреба
- Koha auth type: PERSO_NAME